Оптимизация финансовой структуры капитала; Проблемы управления рыночной экономикой; Т. 1
| Parent link: | Проблемы управления рыночной экономикой: межрегиональный сборник научных трудов/ Национальный исследовательский Томский политехнический университет (ТПУ) ; под ред. И. Е. Никулиной ; Л. Р. Тухватулиной ; Н. В. Черепановой.— , 2015 Т. 1.— 2015.— [С. 152-156] |
|---|---|
| Autore principale: | |
| Ente Autore: | |
| Altri autori: | |
| Riassunto: | Заглавие с титульного экрана |
| Lingua: | russo |
| Pubblicazione: |
2015
|
| Serie: | Экономика |
| Soggetti: | |
| Accesso online: | http://earchive.tpu.ru/handle/11683/19238 http://www.lib.tpu.ru/fulltext/c/2015/C53/039.pdf |
| Natura: | MixedMaterials Elettronico Capitolo di libro |
| KOHA link: | https://koha.lib.tpu.ru/cgi-bin/koha/opac-detail.pl?biblionumber=612611 |
MARC
| LEADER | 00000naa2a2200000 4500 | ||
|---|---|---|---|
| 001 | 612611 | ||
| 005 | 20260424152139.0 | ||
| 035 | |a (RuTPU)RU\TPU\conf\10742 | ||
| 035 | |a RU\TPU\conf\10739 | ||
| 090 | |a 612611 | ||
| 100 | |a 20150622d2015 k y0rusy50 ca | ||
| 101 | 0 | |a rus | |
| 102 | |a RU | ||
| 135 | |a drgn ---uucaa | ||
| 181 | 0 | |a i | |
| 182 | 0 | |a b | |
| 200 | 1 | |a Оптимизация финансовой структуры капитала |f Ю. В. Хлебенкова, Т. Р. Рахимов | |
| 203 | |a Текст |c электронный | ||
| 225 | 1 | |a Экономика | |
| 300 | |a Заглавие с титульного экрана | ||
| 320 | |a [Библиогр.: с. 155-156 (4 назв.)] | ||
| 337 | |a Adobe Reader | ||
| 461 | 1 | |0 (RuTPU)RU\TPU\conf\10370 |t Проблемы управления рыночной экономикой |o межрегиональный сборник научных трудов |f Национальный исследовательский Томский политехнический университет (ТПУ) ; под ред. И. Е. Никулиной ; Л. Р. Тухватулиной ; Н. В. Черепановой |d 2015 | |
| 463 | 1 | |0 (RuTPU)RU\TPU\conf\10371 |t Т. 1 |v [С. 152-156] |d 2015 | |
| 610 | 1 | |a труды учёных ТПУ | |
| 610 | 1 | |a электронный ресурс | |
| 610 | 1 | |a оптимизация | |
| 610 | 1 | |a капитал | |
| 610 | 1 | |a оптимальные структуры | |
| 700 | 1 | |a Хлебенкова |b Ю. В. | |
| 701 | 1 | |a Рахимов |b Т. Р. |c экономист |c доцент Томского политехнического университета, кандидат экономических наук |f 1977- |g Тимур Рустамович |3 (RuTPU)RU\TPU\pers\27970 |9 12960 | |
| 712 | 0 | 2 | |a Национальный исследовательский Томский политехнический университет (ТПУ) |b Институт социально-гуманитарных технологий (ИСГТ) |b Кафедра менеджмента (МЕН) |3 (RuTPU)RU\TPU\col\18855 |
| 801 | 2 | |a RU |b 63413507 |c 20210211 |g RCR | |
| 856 | 4 | |u http://earchive.tpu.ru/handle/11683/19238 | |
| 856 | 4 | |u http://www.lib.tpu.ru/fulltext/c/2015/C53/039.pdf | |
| 942 | |c BK | ||